Statistics for New York Jets 2021 Roster

Click here to take the quiz!

General Stats

  • This quiz has been taken 99 times
  • The average score is 16 of 34

Answer Stats

Pos.Player% Correct
QBZach Wilson
98%
RBMichael Carter
80%
WRCorey Davis
77%
LBJarrad Davis
75%
SAshtyn Davis
74%
WRElijah Moore
74%
DTQuinnen Williams
72%
WRJamison Crowder
62%
WRKeelan Cole
61%
OTMekhi Becton
61%
WRBraxton Berrios
59%
LBCJ Mosley
59%
WRDenzel Mims
59%
SMarcus Maye
57%
CoachRobert Saleh
56%
OGAlijah Vera-Tucker
54%
CBBryce Hall
54%
RBTevin Coleman
54%
DECarl Lawson
51%
CConnor McGovern
46%
TETyler Kroft
43%
PBraden Mann
41%
OGGreg Van Roten
34%
OTMorgan Moses
34%
DTSheldon Rankins
33%
TEChris Herndon
26%
CBBless Austin
23%
QBJames Morgan
23%
LBBlake Cashman
20%
SLamarcus Joyner
20%
CBJason Pinnock
16%
KSam Ficken
16%
DEVinny Curry
8%
CBCorey Ballentine
3%

Score Distribution

Percentile by Number Answered

Percent of People with Each Score

Your Score History

You have not taken this quiz